Bosquejo geológico de la serranía de Cuenca / (Record no. 115679)

MARC details
000 -LEADER
campo de control de longitud fija 00665nam a2200181 i 4500
001 - NÚMERO DE CONTROL
campo de control 115679
003 - IDENTIFICADOR DE NÚMERO DE CONTROL
campo de control ES-MaACL
005 - FECHA Y HORA DE LA ÚLTIMA TRANSACCIÓN
campo de control 20251014063147.0
007 - CAMPO FIJO DE DESCRIPCIÓN FÍSICA--INFORMACIÓN GENERAL
campo de control de longitud fija t|
008 - DATOS DE LONGITUD FIJA--INFORMACIÓN GENERAL
campo de control de longitud fija 070426s1867 sp ||||1| spa d
100 1# - ENTRADA PRINCIPAL--NOMBRE DE PERSONA
Nombre de persona Jacquot, André-Eugène,
Fechas asociadas al nombre 1817-1903
9 (RLIN) 151057
245 10 - MENCIÓN DEL TÍTULO
Título Bosquejo geológico de la serranía de Cuenca /
Mención de responsabilidad, etc. por M. E. Jacquot.
260 ## - PUBLICACIÓN, DISTRIBUCIÓN, ETC.
Lugar de publicación, distribución, etc. [S.l. :
Nombre del editor, distribuidor, etc. s.n.,
Fecha de publicación, distribución, etc. 1867]
300 ## - DESCRIPCIÓN FÍSICA
Extensión p. [399-600], [617-632] ;
Dimensiones 23 cm.
500 ## - NOTA GENERAL
Nota general Separata de: Revista Minera: periódico científico e industrial, tomo XVIII, nº 413, 15 de agosto de 1867 y nº 417, 15 de octubre de 1867.
852 ## - LOCALIZACIÓN
Ubicación ES-MaACL
Número de control de estantería T-1104-F-9
Holdings
Estatus retirado Estado de pérdida Estado de daño No para préstamo Colección Biblioteca de origen Biblioteca actual Ubicación en estantería Fecha de adquisición Fuente de adquisición Total de préstamos Signatura topográfica completa Código de barras Visto por última vez Precio de reemplazo Tipo de ítem Koha
        Colección de folletos Biblioteca del Ateneo de Madrid Biblioteca del Ateneo de Madrid Depósito folletos 17/01/2008     T-1104-F-9 1120635 23/02/2023 23/02/2023 Folleto